[Event "COL-ch School U17 Girls"]
[Site "Bogota"]
[Date "2014.11.15"]
[Round "2.4"]
[White "Medina Barrios, Lina Maria"]
[Black "Baquero, Manuela"]
[Result "0-1"]
[WhiteElo "1508"]
[BlackElo "1352"]
[PlyCount "68"]
[EventDate "2014.11.14"]
[EventType "swiss"]
[EventRounds "6"]
[EventCountry "COL"]
[SourceTitle "EXT 2024"]
[Source "ChessBase"]
[SourceDate "2023.10.10"]
[SourceVersion "1"]
[SourceVersionDate "2023.10.10"]
[SourceQuality "1"]

1. e4 d6 2. d4 Nf6 3. Nc3 g6 4. Be3 Bg7 5. Nf3 0-0 6. Bc4 e6 7. Qd2 d5 8. exd5 exd5 9. Bb3 Re8 10. 0-0-0 c6 11. Kb1 b5 12. a3 a5 13. Ne2 Ne4 14. Qe1 Na6 15. h4 h5 16. Ng5 f5 17. Nxe4 Rxe4 18. Bg5 Qe8 19. Rd2 a4 20. Ba2 b4 21. f3 Re6 22. Qf2 bxa3 23. bxa3 Rb8+ 24. Ka1 Qd7 25. Rb1 Rxb1+ 26. Bxb1 c5 27. Ba2 Rb6 28. Nf4 Bb7 29. Ne2 Qb5 30. c3 c4 31. Nf4 Nc5 32. Rb2 Nb3+ 33. Bxb3 axb3 34. Qe1 Qa4 0-1

[Event "COL-ch U14 Girls"]
[Site "Bogota"]
[Date "2014.05.31"]
[Round "4"]
[White "Ramirez, Juliana"]
[Black "Baquero, Manuela"]
[Result "1-0"]
[WhiteElo "1612"]
[BlackElo "1373"]
[PlyCount "133"]
[EventDate "2014.05.29"]
[EventType "swiss"]
[EventRounds "7"]
[EventCountry "COL"]
[SourceTitle "CBM 160 Extra"]
[Source "ChessBase"]
[SourceDate "2014.07.01"]
[SourceVersion "1"]
[SourceVersionDate "2014.07.01"]
[SourceQuality "1"]

1. e4 d6 2. d4 Nf6 3. Nc3 g6 4. Be3 Bg7 5. Nf3 0-0 6. Bd3 c6 7. 0-0 Qc7 8. h3 Nbd7 9. Re1 b6 10. Qd2 Bb7 11. Bh6 e5 12. Bxg7 Kxg7 13. dxe5 dxe5 14. Rad1 Rad8 15. Qe3 c5 16. Bb5 a6 17. Bxd7 Rxd7 18. Rxd7 Qxd7 19. Nxe5 Qe6 20. Nd3 c4 21. Nf4 Qc6 22. Nfd5 b5 23. Nxf6 Qxf6 24. b3 Re8 25. bxc4 bxc4 26. Qf3 Qxf3 27. gxf3 f5 28. Kf1 Kf6 29. Re2 Kg5 30. Kg2 Kf4 31. Rd2 fxe4 32. Nxe4 Bxe4 33. Rd4 c3 34. Rc4 h5 35. fxe4 Rxe4 36. Rxc3 g5 37. Rf3+ Ke5 38. Re3 h4 39. Kf3 Rxe3+ 40. fxe3 a5 41. c4 Kd6 42. Kg4 Kc5 43. Kxg5 Kxc4 44. e4 Kd4 45. Kf5 Kc3 46. e5 Kb2 47. e6 Kxa2 48. e7 a4 49. e8Q a3 50. Qe1 Kb2 51. Qd2+ Kb1 52. Kg4 a2 53. Qxa2+ Kxa2 54. Kxh4 Kb3 55. Kg5 Kc4 56. Kg6 Kd5 57. h4 Ke6 58. h5 Ke7 59. h6 Kf8 60. h7 Ke7 61. h8Q Kd6 62. Qh5 Ke7 63. Qe5+ Kf8 64. Kf6 Kg8 65. Qg5+ Kf8 66. Qg7+ Ke8 67. Qe7# 1-0

[Event "Antioquia Region-ch U14 Girls"]
[Site "Medellin"]
[Date "2014.05.10"]
[Round "3.2"]
[White "Toro Castaneda, Elizabeth"]
[Black "Baquero, Manuela"]
[Result "1-0"]
[WhiteElo "1639"]
[BlackElo "1373"]
[PlyCount "37"]
[EventDate "2014.05.08"]
[EventType "tourn"]
[EventRounds "3"]
[EventCountry "COL"]
[SourceTitle "EXT 2024"]
[Source "ChessBase"]
[SourceDate "2023.10.10"]
[SourceVersion "1"]
[SourceVersionDate "2023.10.10"]
[SourceQuality "1"]

1. e4 d6 2. d4 g6 3. Nf3 Bg7 4. Nc3 e5 5. dxe5 dxe5 6. Qxd8+ Kxd8 7. Bc4 Ke7 8. Ng5 Be6 9. Bxe6 fxe6 10. Be3 b6 11. 0-0-0 Nf6 12. Nb5 Na6 13. Nc3 h6 14. Nf3 c5 15. Nxe5 Nh5 16. Nxg6+ Kf7 17. Nxh8+ Bxh8 18. Bxh6 Bxc3 19. bxc3 1-0

[Event "Antioquia Region-ch U14 Girls"]
[Site "Medellin"]
[Date "2014.05.09"]
[Round "1.1"]
[White "Baquero, Manuela"]
[Black "Ramirez, Manuela"]
[Result "1-0"]
[WhiteElo "1373"]
[BlackElo "1595"]
[PlyCount "39"]
[EventDate "2014.05.08"]
[EventType "tourn"]
[EventRounds "3"]
[EventCountry "COL"]
[SourceTitle "EXT 2024"]
[Source "ChessBase"]
[SourceDate "2023.10.10"]
[SourceVersion "1"]
[SourceVersionDate "2023.10.10"]
[SourceQuality "1"]

1. f4 e5 2. fxe5 Qh4+ 3. g3 Qe4 4. Nf3 d5 5. Nc3 Qc4 6. Bg2 Be6 7. 0-0 d4 8. d3 Qb4 9. Ne4 Bd5 10. c3 Qb6 11. Nxd4 Nc6 12. Be3 Bc5 13. Nd6+ cxd6 14. Bxd5 Bxd4 15. cxd4 Nxe5 16. Qd2 Ne7 17. dxe5 Qc7 18. Rac1 Qd8 19. Bxf7+ Kd7 20. e6# 1-0